000 01122nam a22002537a 4500
005 20150520162902.0
010 _aENG-112558
020 _a9789381904770
_c1150.00
035 _aEN-96090
037 _bDBAD/PUB
082 _a359.00954
245 0 0 _aIndian and American perspectives on technological developments in the maritime domain and their strategic implications in the Indian Ocean Region /
_cedited by Pradeep Kaushiva [and] Kamlesh K. Agnihotri
260 _aNew Delhi
_bKW Publishers
_c2013
270 _a4676/21, First Floor, Ansari Road, Daryaganj,
_bNew Delhi
_e110002
300 _axviii,158p., 4 unnumbered pages of plates :
_c24cm(Hb)
_bill.(chiefly col.)
500 _a Contributed articles.
500 _a Includes bibliographical references and index.
650 _a Naval art and science
_xTechnological innovations
_z India.
650 _a Naval art and science
_xTechnological innovations
_zUnited States.
650 _a Security, International
_zIndian Ocean Region.
700 _aKaushiva, Pradeep
700 _aAgnihotri, Kamlesh K.
942 _2ddc
_cEN
_mIND
_h359.00954
999 _c92654
_d92654